Countries That End With IA - Statistics

General Stats
  • This quiz has been taken 53 times
  • The average score is 30 of 38
Answer Stats
Answer % Correct
Australia
96%
Albania
93%
Bulgaria
91%
Romania
91%
Armenia
89%
India
89%
Austria
87%
Estonia
87%
Latvia
87%
Lithuania
87%
Nigeria
87%
Slovenia
87%
Tanzania
87%
Bolivia
84%
Namibia
84%
Russia
84%
Croatia
82%
Slovakia
82%
Zambia
82%
Colombia
80%
Serbia
80%
Tunisia
80%
Algeria
78%
Gambia
78%
Malaysia
78%
Cambodia
76%
Indonesia
76%
Mongolia
76%
Somalia
76%
Ethiopia
73%
Georgia
71%
Liberia
71%
Saudi Arabia
71%
Syria
71%
Mauritania
69%
North Macedonia
69%
Saint Lucia
58%
Micronesia
56%
No matching quizzes found
Score Distribution
Percent of People with Each Score
Percentile by Number Answered
Your Score History
You have not taken this quiz